[Event "84th ESP-ch 2019"]
[Site "Marbella"]
[Date "2019.11.22"]
[Round "7.3"]
[White "Gines Esteo, Pedro Antonio"]
[Black "Narciso Dublan, Marc"]
[Result "0-1"]
[WhiteElo "2463"]
[BlackElo "2517"]
[Annotator "ChessBase"]
[PlyCount "136"]
[EventDate "2019.11.16"]
[EventType "swiss"]
[EventCountry "ESP"]
[SourceTitle "playchess.com"]
[Source "ChessBase"]
[SourceQuality "1"]
[TimeControl "5400+30"]

1. Nf3 {[%emt 0:00:00]} d5 {[%emt 0:00:00]} 2. g3 {[%emt 0:00:16]} Bg4 {[%emt 0:00:06]} 3. Bg2 {[%emt 0:00:05]} Nd7 {[%emt 0:00:31]} 4. c4 {[%emt 0:00:28]} e6 {[%emt 0:00:15]} 5. Qb3 {[%emt 0:04:13]} Nc5 {[%emt 0:00:48]} 6. Qe3 {[%emt 0:00:44]} c6 {[%emt 0:10:11]} 7. d4 {[%emt 0:06:32]} Nd7 {[%emt 0:01:05]} 8. Nbd2 {[%emt 0:01:37]} Ngf6 {[%emt 0:00:56]} 9. h3 {[%emt 0:04:41]} Bh5 {[%emt 0:02:31]} 10. Nh4 {[%emt 0:07:54]} dxc4 {[%emt 0:05:46]} 11. g4 {[%emt 0:16:00]} Nd5 {[%emt 0:05:22]} 12. Qg3 {[%emt 0:00:57]} Nb4 {[%emt 0:11:27]} 13. Be4 {[%emt 0:19:25]} Nf6 {[%emt 0:04:59]} 14. Bb1 {[%emt 0:06:30]} Bg6 {[%emt 0:09:09]} 15. Nxg6 {[%emt 0:00:12]} hxg6 {[%emt 0:00:04]} 16. a3 {[%emt 0:02:53]} Na6 {[%emt 0:01:38]} 17. g5 {[%emt 0:02:41]} Nh5 {[%emt 0:07:19]} 18. Qg4 {[%emt 0:00:04]} Nc7 {[%emt 0:10:32]} 19. Be4 {[%emt 0:05:31]} Nb5 {[%emt 0:03:08]} 20. e3 {[%emt 0:05:14]} Nd6 {[%emt 0:05:46]} 21. Bg2 {[%emt 0:00:05]} Be7 {[%emt 0:04:33]} 22. h4 {[%emt 0:00:06]} Qa5 {[%emt 0:00:32]} 23. O-O {[%emt 0:05:45]} Qf5 {[%emt 0:02:12]} 24. Qe2 {[%emt 0:00:21]} Qc2 {[%emt 0:00:53]} 25. a4 {[%emt 0:04:05]} f6 {[%emt 0:02:00]} 26. Ra3 {[%emt 0:02:36]} fxg5 {[%emt 0:02:22]} 27. hxg5 {[%emt 0:02:25]} Qf5 {[%emt 0:01:34]} 28. Nxc4 {[%emt 0:01:42]} Nxc4 {[%emt 0:01:23]} 29. e4 {[%emt 0:00:47]} Nf4 {[%emt 0:03:24]} 30. Qxc4 {[%emt 0:00:01]} Qg4 {[%emt 0:00:23]} 31. Bxf4 {[%emt 0:00:15]} Bxa3 {[%emt 0:00:05]} 32. Be5 {[%emt 0:01:19]} Be7 {[%emt 0:01:07]} 33. Qb3 {[%emt 0:00:20]} O-O-O {[%emt 0:03:27]} 34. d5 {[%emt 0:00:40]} exd5 {[%emt 0:00:51]} 35. exd5 {[%emt 0:00:05]} Rxd5 {[%emt 0:00:04]} 36. Bg3 {[%emt 0:00:41]} Rhd8 {[%emt 0:00:56]} 37. Bxd5 {[%emt 0:00:46]} Rxd5 {[%emt 0:00:05]} 38. Re1 {[%emt 0:00:03]} Qxg5 {[%emt 0:00:31]} 39. Qf3 {[%emt 0:00:46]} Bd8 {[%emt 0:01:02]} 40. Re8 {[%emt 0:00:42]} Qh5 {[%emt 0:00:27]} 41. Kg2 {[%emt 0:00:31]} Qxf3+ {[%emt 0:00:33]} 42. Kxf3 {[%emt 0:00:02]} Kd7 {[%emt 0:00:23]} 43. Rg8 {[%emt 0:00:08]} Bf6 {[%emt 0:00:08]} 44. Rb8 {[%emt 0:00:02]} Rd3+ {[%emt 0:00:05]} 45. Ke4 {[%emt 0:01:06]} Rb3 {[%emt 0:00:09]} 46. a5 {[%emt 0:00:29]} Rxb2 {[%emt 0:00:52]} 47. a6 {[%emt 0:00:03]} bxa6 {[%emt 0:00:37]} 48. Ra8 {[%emt 0:00:09]} Rb7 {[%emt 0:00:45]} 49. Bb8 {[%emt 0:00:14]} a5 {[%emt 0:01:00]} 50. Bxa7 {[%emt 0:00:07]} Rb4+ {[%emt 0:00:29]} 51. Kd3 {[%emt 0:00:07]} Rb5 {[%emt 0:00:32]} 52. Kc4 {[%emt 0:00:08]} Rb4+ {[%emt 0:00:07]} 53. Kd3 {[%emt 0:00:01]} Ke6 {[%emt 0:00:24]} 54. Bc5 {[%emt 0:00:07]} Rb3+ {[%emt 0:00:33]} 55. Ke4 {[%emt 0:00:01]} Rb5 {[%emt 0:00:10]} 56. Bf8 {[%emt 0:00:29]} Re5+ {[%emt 0:00:51]} 57. Kd4 {[%emt 0:00:39]} Rd5+ {[%emt 0:00:31]} 58. Kc4 {[%emt 0:00:15]} Rd8 {[%emt 0:00:17]} 59. Rxd8 {[%emt 0:00:02]} Bxd8 {[%emt 0:00:05]} 60. Bxg7 {[%emt 0:00:13]} Bf6 {[%emt 0:01:32]} 61. Bh6 {[%emt 0:00:27]} Be7 {[%emt 0:00:19]} 62. Bd2 {[%emt 0:00:15]} a4 {[%emt 0:00:27]} 63. Be3 {[%emt 0:00:32]} a3 {[%emt 0:00:29]} 64. Kb3 {[%emt 0:00:02]} Kd5 {[%emt 0:00:06]} 65. f3 {[%emt 0:00:02]} Bb4 {[%emt 0:00:56]} 66. Bh6 {[%emt 0:00:07]} c5 {[%emt 0:00:31]} 67. Bg7 {[%emt 0:00:01]} Ke6 {[%emt 0:00:24]} 68. Kc4 {[%emt 0:00:01]} Kf5 {[%emt 0:00:16] Kd4 Ke5+} 0-1

[Event "84th ESP-ch 2019"]
[Site "Marbella"]
[Date "2019.11.22"]
[Round "7.4"]
[White "Ladron De Guevara Pinto, Paolo"]
[Black "Anton Guijarro, David"]
[Result "*"]
[WhiteElo "2442"]
[BlackElo "2686"]
[Annotator "TA"]
[PlyCount "31"]
[EventDate "2019.11.16"]
[EventType "swiss"]
[EventCountry "ESP"]
[SourceTitle "playchess.com"]
[Source "ChessBase"]
[SourceQuality "1"]

{[%evp 8,8,20]} 1. e4 c5 2. Nf3 Nc6 3. d4 cxd4 4. Nxd4 e5 {Predecessor:} 5. Nb5 $146 d6 6. N1c3 a6 7. Na3 Be7 8. Nc4 b5 9. Ne3 Nf6 10. g3 h5 11. h4 Nd4 12. Bg2 Be6 13. Ncd5 Nxd5 14. Nxd5 Bxd5 15. exd5 g6 16. c3 {½-½ (39) So,W (2754)-Carlsen,M (2861) Abidjan 2019} *

[Event "84th ESP-ch 2019"]
[Site "Marbella"]
[Date "2019.11.22"]
[Round "7.4"]
[White "Ladron De Guevara Pinto, Paolo"]
[Black "Anton Guijarro, David"]
[Result "0-1"]
[WhiteElo "2442"]
[BlackElo "2686"]
[Annotator "TA"]
[PlyCount "54"]
[EventDate "2019.11.16"]
[EventType "swiss"]
[EventCountry "ESP"]
[SourceTitle "playchess.com"]
[Source "ChessBase"]
[SourceQuality "1"]

{[%evp 10,54,26,22,26,25,33,26,22,22,37,35,33,25,31,30,16,0,-14,-45,-54,-83,-76,-83,-74,-87,-94,-100,-97,-135,-32,-248,-223,-420,-323,-393,-365,-664,-425,-570,-552,-609,-591,-595,-587,-601,-499]} 1. e4 c5 2. Nf3 Nc6 3. d4 cxd4 4. Nxd4 e5 5. Nb5 d6 6. c4 g6 {B32: Sicilian: Löwenthal and Kalashnikov Variations} 7. N1c3 {[#] And now Nd5 would win.} a6 8. Na3 Bg7 {White has an edge.} 9. Bd3 Nge7 $146 ({Predecessor:} 9... Nf6 10. O-O Be6 11. Kh1 Rc8 12. Nd5 Nd7 13. Be3 O-O 14. Qd2 {0-1 (72) Mannion,S (2342)-Jobava,B (2668) Reykjavik 2015}) 10. O-O O-O 11. Kh1 Be6 12. Nc2 f5 13. exf5 gxf5 14. f4 Rc8 15. Ne3 e4 16. Be2 b5 17. g4 Nd4 18. gxf5 Nexf5 {[%cal Rb5c4]} ({Reject} 18... Bxf5 19. cxb5 axb5 20. Nxb5 $15) 19. Nxf5 Bxf5 (19... Nxf5 $17 20. cxb5 d5 21. bxa6 e3) 20. Bg4 $2 {[#]} ({White should play} 20. Be3 $15 Nxe2 21. Nxe2) 20... Rxc4 $19 21. a4 $2 (21. Rg1 {might work better.}) 21... Qd7 22. Bxf5 Nxf5 ({Inferior is} 22... Rxf5 23. axb5 axb5 24. Ra8+ Rc8 25. Rxc8+ Qxc8 26. Be3 $11) ({Less strong is} 22... Qxf5 23. Rg1 $17) 23. Ne2 $2 (23. Re1 Bxc3 24. bxc3) 23... d5 {Black is clearly winning.} 24. axb5 axb5 25. Rg1 {and the idea b3 leaves White hopeful.} d4 26. b3 Rc6 27. Bb2 d3 {Accuracy: White = 25%, Black = 67%.} 0-1

[Event "84th ESP-ch 2019"]
[Site "Marbella"]
[Date "2019.11.22"]
[Round "7.5"]
[White "Diaz Camallonga, Carles"]
[Black "Perez Candelario, Manuel"]
[Result "1/2-1/2"]
[WhiteElo "2465"]
[BlackElo "2623"]
[Annotator "TA"]
[PlyCount "184"]
[EventDate "2019.11.16"]
[EventType "swiss"]
[EventCountry "ESP"]
[SourceTitle "playchess.com"]
[Source "ChessBase"]
[SourceQuality "1"]

{[%evp 13,184,22,19,-2,18,10,12,2,10,6,12,5,5,5,6,5,14,-25,-18,-27,-17,-11,0,0,0,0,0,0,0,0,0,0,0,0,0,-2,8,0,16,15,42,42,42,8,8,8,12,12,11,11,9,0,19,19,19,19,19,19,19,17,56,60,61,68,165,166,169,172,177,174,229,140,140,136,133,148,205,205,216,216,241,240,197,0,232,232,448,436,441,414,406,400,364,218,197,81,81,81,81,81,123,123,123,123,123,123,123,123,138,19,81,18,18,18,18,18,18,18,18,18,18,18,18,18,18,18,18,18,18,18,18,18,18,18,18,18,18,18,18,0,0,0,0,0,0,0,0,0,0,0,0,0,0,0,0,0,0,0,0,0,0,0,0,0,0,0,0,0,0,0,0,0,0]} 1. e4 e5 2. Nf3 Nc6 3. Bb5 a6 4. Ba4 Nf6 5. O-O Be7 6. d3 b5 7. Bb3 d6 8. Bd2 {C84: Closed Ruy Lopez: Unusual White 6th moves} (8. c3 Na5 9. Bc2 c5 10. d4 cxd4 11. cxd4 O-O 12. h3 Re8 13. d5 Bd7 14. Nc3 Qb8 15. Bd3 Rc8 16. Ne2 {0-1 (40) Carlsen,M (2882)-Ding,L (2805) Saint Louis 2019}) 8... O-O 9. h3 Bb7 10. Re1 Qd7 11. a3 Nd8 12. c4 Ne6 13. Nc3 c5 {[#]} 14. cxb5 $146 ({Predecessor:} 14. Rb1 Bc6 15. Ba2 bxc4 16. Bxc4 {½-½ (33) Huschenbeth,N (2620)-Vitiugov,N (2732) Khanty-Mansiysk 2019}) 14... axb5 15. a4 (15. Bxe6 $5 fxe6 16. b4 $11) 15... bxa4 16. Rxa4 h6 17. Bc4 Rxa4 18. Qxa4 Qxa4 19. Nxa4 Bc6 20. Nc3 Rb8 21. b3 Ra8 22. Rb1 Bd8 23. b4 cxb4 24. Rxb4 Kf8 25. Rb1 Nd7 26. Be3 Ra3 27. Nb5 Bxb5 $1 28. Bxb5 Ndc5 29. Bc1 Ra7 30. Bc4 Bg5 31. Nxg5 hxg5 32. Be3 Rc7 33. g3 Ke7 34. Rb8 g6 35. Kg2 Nd7 36. Ra8 Ndf8 37. Bd2 Rb7 38. Bd5 Rb2 (38... Rc7 $14) 39. Ra7+ $18 Nd7 40. Bxg5+ $1 Nxg5 41. Bc6 Rb6 (41... Ke6 $142) 42. Bxd7 {[%mdl 4096] Endgame KRB-KRN} Kf6 43. Be8 Rb8 44. Bc6 Ne6 (44... Rb3 $16 45. h4 Ne6) 45. Bd5 g5 46. Rd7 Rb6 47. Bc4 Kg6 48. Bd5 $2 (48. Bxe6 $18 fxe6 49. Kf3) 48... Ra6 $2 (48... Kf6 $11 {and Black is okay.}) 49. Kf3 Nd4+ $2 {[#]} (49... Kf6 50. Kg4 Rb6) 50. Kg4 $1 Ne6 51. Bc4 Rb6 52. Bxe6 fxe6 {KR-KR} 53. h4 (53. Rd8 $142) 53... gxh4 54. gxh4 (54. Kxh4 $18 {is the precise move to win.} d5 55. exd5) 54... Kf6 $16 55. h5 Rb2 56. Kf3 Rb1 57. Kg2 Rb8 58. h6 Rg8+ 59. Kf3 Rg5 60. h7 Rh5 {[#]} 61. Ke2 (61. Kg4 $1 $16 {[%cal Rg4h5]} Rh1 62. f4 (62. Rxd6 Rxh7 63. Ra6 Rd7 $16)) 61... Rh2 (61... d5 $1 $11) 62. Kd1 (62. Rxd6 $16 {Rd7 is the strong threat.} Rxh7 63. Ra6) 62... d5 $1 $11 {The position is equal.} 63. exd5 exd5 64. Ke2 Ke6 65. Ra7 Kf5 66. Kf3 Rh3+ 67. Kg2 Rh6 68. Kg3 Rg6+ 69. Kf3 Rh6 70. Rf7+ Ke6 71. Rb7 Kf5 72. Ke3 Rh2 73. Rc7 Ke6 74. Kf3 {And now Kg3 would win.} Kf5 $1 75. Kg3 Rh6 76. f3 Rg6+ 77. Kf2 Rh6 78. Ke3 d4+ 79. Kf2 Rh2+ 80. Kg3 Rh6 81. Rg7 Kf6 82. Rd7 {Threatening mate with Rd6+.} Kf5 83. Ra7 Rg6+ 84. Kf2 Rh6 85. f4 exf4 86. Rf7+ Kg4 87. Rg7+ Kf5 88. Kg2 Kf6 89. Rd7 {Rd6+ would kill now.} Kf5 90. Rf7+ Kg4 91. Rg7+ Kf5 92. Rf7+ Kg4 {Accuracy: White = 69%, Black = 66%.} 1/2-1/2

[Event "84th ESP-ch 2019"]
[Site "Marbella"]
[Date "2019.11.22"]
[Round "7.6"]
[White "Salgado Lopez, Ivan"]
[Black "Alsina Leal, Daniel"]
[Result "1-0"]
[WhiteElo "2594"]
[BlackElo "2467"]
[Annotator "ChessBase"]
[PlyCount "165"]
[EventDate "2019.11.16"]
[EventType "swiss"]
[EventCountry "ESP"]
[SourceTitle "playchess.com"]
[Source "ChessBase"]
[SourceQuality "1"]
[TimeControl "5400+30"]

1. e4 {[%emt 0:00:00]} c5 {[%emt 0:00:00]} 2. Nc3 {[%emt 0:00:00]} Nc6 {[%emt 0:00:31]} 3. Nf3 {[%emt 0:00:00]} e5 {[%emt 0:00:46]} 4. Bc4 {[%emt 0:00:00]} Be7 {[%emt 0:00:05]} 5. d3 {[%emt 0:00:02]} d6 {[%emt 0:00:10]} 6. a4 {[%emt 0:00:04]} Nf6 {[%emt 0:00:42]} 7. Bd2 {[%emt 0:00:11]} O-O {[%emt 0:03:53]} 8. O-O {[%emt 0:00:10]} Nd4 {[%emt 0:04:13]} 9. Nxd4 {[%emt 0:01:06]} cxd4 {[%emt 0:00:12]} 10. Nd5 {[%emt 0:00:06]} Nxd5 {[%emt 0:03:25]} 11. Bxd5 {[%emt 0:00:32]} Be6 {[%emt 0:07:16]} 12. Bxe6 {[%emt 0:00:18]} fxe6 {[%emt 0:00:05]} 13. Qg4 {[%emt 0:00:04]} Rf6 {[%emt 0:04:26]} 14. c3 {[%emt 0:03:56]} Qb6 {[%emt 0:27:58]} 15. Qe2 {[%emt 0:02:25]} Rc8 {[%emt 0:07:29]} 16. Rab1 {[%emt 0:04:03]} Qa6 {[%emt 0:04:38]} 17. cxd4 {[%emt 0:01:12]} exd4 {[%emt 0:00:05]} 18. b3 {[%emt 0:02:31]} b5 {[%emt 0:09:11]} 19. a5 {[%emt 0:03:18]} Qb7 {[%emt 0:00:14]} 20. Bb4 {[%emt 0:05:18]} a6 {[%emt 0:01:03]} 21. Rbc1 {[%emt 0:05:59]} Rff8 {[%emt 0:00:55]} 22. Qg4 {[%emt 0:04:43]} Qd7 {[%emt 0:00:36]} 23. g3 {[%emt 0:02:43]} Rfe8 {[%emt 0:06:31]} 24. Kg2 {[%emt 0:04:08]} Bf8 {[%emt 0:00:20]} 25. Ba3 {[%emt 0:05:24]} g6 {[%emt 0:06:23]} 26. Bb4 {[%emt 0:05:01]} Rxc1 {[%emt 0:01:23]} 27. Rxc1 {[%emt 0:00:25]} Rc8 {[%emt 0:00:04]} 28. Rxc8 {[%emt 0:00:19]} Qxc8 {[%emt 0:00:03]} 29. e5 {[%emt 0:09:51]} dxe5 {[%emt 0:02:36]} 30. Bxf8 {[%emt 0:00:08]} Kxf8 {[%emt 0:00:09]} 31. Qe4 {[%emt 0:00:06]} Kf7 {[%emt 0:04:46]} 32. Qxe5 {[%emt 0:02:40]} Qc3 {[%emt 0:00:02]} 33. Qe4 {[%emt 0:03:22]} Qxb3 {[%emt 0:00:37]} 34. Qb7+ {[%emt 0:00:59]} Kf6 {[%emt 0:01:20]} 35. Qxa6 {[%emt 0:00:06]} b4 {[%emt 0:02:00]} 36. Qb7 {[%emt 0:01:17]} Qd5+ {[%emt 0:01:47]} 37. Qxd5 {[%emt 0:00:12]} exd5 {[%emt 0:00:05]} 38. a6 {[%emt 0:00:11]} b3 {[%emt 0:00:03]} 39. a7 {[%emt 0:00:08]} b2 {[%emt 0:00:04]} 40. a8=Q {[%emt 0:00:07]} b1=Q {[%emt 0:00:07]} 41. Qh8+ {[%emt 0:00:14]} Ke6 {[%emt 0:00:10]} 42. Qxd4 {[%emt 0:00:06]} h5 {[%emt 0:01:04]} 43. Qe3+ {[%emt 0:00:48]} Kf7 {[%emt 0:00:21]} 44. Qf4+ {[%emt 0:00:04]} Ke6 {[%emt 0:00:12]} 45. Qe3+ {[%emt 0:00:29]} Kf7 {[%emt 0:00:02]} 46. d4 {[%emt 0:00:16]} Qa2 {[%emt 0:00:52]} 47. Qe5 {[%emt 0:00:18]} Qc4 {[%emt 0:00:35]} 48. h3 {[%emt 0:00:44]} Qa2 {[%emt 0:00:30]} 49. g4 {[%emt 0:00:43]} hxg4 {[%emt 0:00:04]} 50. hxg4 {[%emt 0:00:08]} Qc4 {[%emt 0:00:50]} 51. Kg3 {[%emt 0:00:40]} Qc6 {[%emt 0:01:59]} 52. f3 {[%emt 0:03:56]} Qd7 {[%emt 0:00:35]} 53. Kh4 {[%emt 0:02:26]} Qd8+ {[%emt 0:01:31]} 54. g5 {[%emt 0:03:08]} Kg8 {[%emt 0:00:05]} 55. Qe6+ {[%emt 0:00:26]} Kg7 {[%emt 0:00:05]} 56. Kg4 {[%emt 0:00:44]} Qa8 {[%emt 0:01:23]} 57. Qf6+ {[%emt 0:01:36]} Kh7 {[%emt 0:00:10]} 58. Qf7+ {[%emt 0:00:10]} Kh8 {[%emt 0:00:03]} 59. Qxg6 {[%emt 0:00:22]} Qa2 {[%emt 0:00:38]} 60. Qf6+ {[%emt 0:00:21]} Kg8 {[%emt 0:00:05]} 61. Kg3 {[%emt 0:02:57]} Qa5 {[%emt 0:01:49]} 62. Kg4 {[%emt 0:04:34]} Qa2 {[%emt 0:00:18]} 63. Kf5 {[%emt 0:01:55]} Qc2+ {[%emt 0:00:45]} 64. Ke5 {[%emt 0:00:22]} Qe2+ {[%emt 0:00:24]} 65. Kxd5 {[%emt 0:00:19]} Qb5+ {[%emt 0:00:14]} 66. Ke6 {[%emt 0:02:06]} Qa6+ {[%emt 0:00:19]} 67. Kf5 {[%emt 0:00:26]} Qd3+ {[%emt 0:00:49]} 68. Kg4 {[%emt 0:00:18]} Qd2 {[%emt 0:01:18]} 69. Qf4 {[%emt 0:01:15]} Qg2+ {[%emt 0:00:19]} 70. Kf5 {[%emt 0:00:30]} Qh3+ {[%emt 0:00:40]} 71. Ke5 {[%emt 0:00:21]} Qd7 {[%emt 0:00:16]} 72. Qf6 {[%emt 0:00:58]} Qc7+ {[%emt 0:00:29]} 73. Qd6 {[%emt 0:01:18]} Qg7+ {[%emt 0:00:26]} 74. Kf4 {[%emt 0:00:32]} Qf7+ {[%emt 0:00:25]} 75. Kg3 {[%emt 0:00:38]} Qf5 {[%emt 0:00:58]} 76. Qd8+ {[%emt 0:01:05]} Kh7 {[%emt 0:00:02]} 77. Qe7+ {[%emt 0:01:28]} Kg8 {[%emt 0:00:06]} 78. Qe4 {[%emt 0:00:14]} Qd7 {[%emt 0:00:54]} 79. d5 {[%emt 0:00:16]} Qc7+ {[%emt 0:00:36]} 80. Qf4 {[%emt 0:00:49]} Qa5 {[%emt 0:00:38]} 81. Qe4 {[%emt 0:00:51]} Qc7+ {[%emt 0:00:11]} 82. Kg4 {[%emt 0:00:12]} Qh2 {[%emt 0:00:31]} 83. Qe6+ {[%emt 0:00:21]} 1-0

[Event "84th ESP-ch 2019"]
[Site "Marbella"]
[Date "2019.11.22"]
[Round "7.7"]
[White "Santos Latasa, Jaime"]
[Black "Huerga Leache, Mikel"]
[Result "1-0"]
[WhiteElo "2581"]
[BlackElo "2456"]
[Annotator "ChessBase"]
[PlyCount "71"]
[EventDate "2019.11.16"]
[EventType "swiss"]
[EventCountry "ESP"]
[SourceTitle "playchess.com"]
[Source "ChessBase"]
[SourceQuality "1"]
[TimeControl "5400+30"]

1. d4 {[%emt 0:01:54]} Nf6 {[%emt 0:00:00]} 2. c4 {[%emt 0:00:12]} e6 {[%emt 0:00:00]} 3. Nc3 {[%emt 0:00:15]} Bb4 {[%emt 0:00:00]} 4. e3 {[%emt 0:00:05]} O-O {[%emt 0:00:00]} 5. Bd3 {[%emt 0:00:00]} d5 {[%emt 0:01:15]} 6. a3 {[%emt 0:00:00]} Bxc3+ {[%emt 0:00:07]} 7. bxc3 {[%emt 0:00:05]} c5 {[%emt 0:00:12]} 8. cxd5 {[%emt 0:00:07]} exd5 {[%emt 0:00:52]} 9. Ne2 {[%emt 0:00:17]} Re8 {[%emt 0:01:08]} 10. O-O b6 11. f3 {[%emt 0:00:41]} Nc6 {[%emt 0:04:56]} 12. g4 {[%emt 0:04:10]} h5 {[%emt 0:03:02]} 13. h3 {[%emt 0:07:21]} g6 {[%emt 0:02:06]} 14. Ra2 {[%emt 0:01:48]} Kg7 {[%emt 0:01:27]} 15. Ng3 {[%emt 0:08:31]} Qd6 {[%emt 0:03:53]} 16. Rg2 {[%emt 0:00:59]} hxg4 {[%emt 0:00:10]} 17. hxg4 {[%emt 0:02:20]} Rh8 {[%emt 0:00:23]} 18. Ne2 {[%emt 0:05:03]} Bd7 {[%emt 0:04:38]} 19. Qe1 {[%emt 0:01:57]} a5 {[%emt 0:06:05]} 20. a4 {[%emt 0:03:17]} Nd8 {[%emt 0:06:45]} 21. e4 {[%emt 0:02:00]} dxe4 {[%emt 0:02:58]} 22. Bf4 {[%emt 0:01:05]} Qe6 {[%emt 0:08:36]} 23. Be5 {[%emt 0:12:35]} exd3 {[%emt 0:03:24]} 24. Nf4 {[%emt 0:00:21]} Qc6 {[%emt 0:01:11]} 25. g5 {[%emt 0:01:33]} Kg8 {[%emt 0:01:00]} 26. Bxf6 {[%emt 0:00:28]} Qd6 {[%emt 0:11:08]} 27. Qg3 {[%emt 0:02:42]} Ne6 {[%emt 0:02:01]} 28. Rh2 {[%emt 0:00:16]} Rxh2 {[%emt 0:04:06]} 29. Qxh2 {[%emt 0:00:06]} Ng7 {[%emt 0:00:20]} 30. Bxg7 {[%emt 0:00:07]} f6 {[%emt 0:04:17]} 31. Bxf6 {[%emt 0:00:32]} d2 {[%emt 0:00:06]} 32. Qh8+ {[%emt 0:00:30]} Kf7 {[%emt 0:00:19]} 33. Qg7+ {[%emt 0:00:05]} Ke8 {[%emt 0:00:08]} 34. Qg8+ {[%emt 0:00:11]} Qf8 {[%emt 0:00:11]} 35. Qxg6+ {[%emt 0:00:05]} Qf7 {[%emt 0:00:04]} 36. Qe4+ {[%emt 0:00:05]} 1-0

[Event "84th ESP-ch 2019"]
[Site "Marbella"]
[Date "2019.11.22"]
[Round "7.8"]
[White "Ibarra Jerez, Jose Carlos"]
[Black "Merario Alarcon, Andres"]
[Result "1-0"]
[WhiteElo "2540"]
[BlackElo "2394"]
[Annotator "ChessBase"]
[PlyCount "109"]
[EventDate "2019.11.16"]
[EventType "swiss"]
[EventCountry "ESP"]
[SourceTitle "playchess.com"]
[Source "ChessBase"]
[SourceQuality "1"]
[TimeControl "5400+30"]

1. e4 {[%emt 0:02:14]} e5 {[%emt 0:00:00]} 2. Nc3 {[%emt 0:00:08]} Nf6 {[%emt 0:00:00]} 3. f4 {[%emt 0:00:06]} d5 {[%emt 0:00:05]} 4. fxe5 {[%emt 0:00:06]} Nxe4 {[%emt 0:00:14]} 5. Qf3 {[%emt 0:00:10]} Nc6 {[%emt 0:01:45]} 6. Bb5 {[%emt 0:00:07]} Nxc3 {[%emt 0:00:12]} 7. dxc3 {[%emt 0:00:05]} Qh4+ {[%emt 0:00:05]} 8. g3 {[%emt 0:00:06]} Qe4+ {[%emt 0:00:05]} 9. Qxe4 {[%emt 0:00:05]} dxe4 {[%emt 0:00:06]} 10. Bxc6+ {[%emt 0:00:04]} bxc6 {[%emt 0:00:06]} 11. Be3 {[%emt 0:00:03]} Be7 {[%emt 0:07:06]} 12. Ne2 {[%emt 0:00:38]} h5 {[%emt 0:01:26]} 13. Nd4 {[%emt 0:02:17]} Bc5 {[%emt 0:14:59]} 14. Bg5 {[%emt 0:17:23]} Bxd4 {[%emt 0:17:02]} 15. cxd4 {[%emt 0:00:18]} Bg4 {[%emt 0:00:06]} 16. Kf2 {[%emt 0:05:13]} f6 {[%emt 0:03:17]} 17. exf6 {[%emt 0:00:36]} gxf6 {[%emt 0:00:02]} 18. Bf4 {[%emt 0:07:26]} O-O-O {[%emt 0:04:11]} 19. Ke3 {[%emt 0:02:32]} Rd7 {[%emt 0:08:54]} 20. h3 {[%emt 0:06:11]} Bf3 {[%emt 0:00:40]} 21. Rh2 {[%emt 0:00:24]} Rhd8 {[%emt 0:02:28]} 22. Rd2 {[%emt 0:00:34]} c5 {[%emt 0:00:13]} 23. c3 {[%emt 0:00:45]} Kb7 {[%emt 0:03:20]} 24. b4 {[%emt 0:03:55]} cxb4 {[%emt 0:06:42]} 25. cxb4 {[%emt 0:00:32]} c6 {[%emt 0:08:01]} 26. Rc1 {[%emt 0:02:38]} Rd5 {[%emt 0:00:45]} 27. a4 {[%emt 0:02:53]} a6 {[%emt 0:00:18]} 28. Rc4 {[%emt 0:04:07]} R8d7 {[%emt 0:00:59]} 29. Kf2 {[%emt 0:03:30]} Rf5 {[%emt 0:01:27]} 30. Ke3 {[%emt 0:01:50]} Rfd5 {[%emt 0:00:07]} 31. Rc1 {[%emt 0:01:25]} Rd8 {[%emt 0:02:41]} 32. Rc4 {[%emt 0:05:52]} R8d7 {[%emt 0:00:30]} 33. Ra2 {[%emt 0:03:38]} Re7 {[%emt 0:07:10]} 34. Ra1 {[%emt 0:02:50]} Bg2 {[%emt 0:00:40]} 35. Rac1 {[%emt 0:01:13]} Re6 {[%emt 0:00:12]} 36. h4 {[%emt 0:06:15]} Bf3 {[%emt 0:00:43]} 37. Rc5 {[%emt 0:01:12]} Rxc5 {[%emt 0:02:45]} 38. bxc5 {[%emt 0:00:59]} Ka7 {[%emt 0:03:43]} 39. Bd6 {[%emt 0:03:40]} Re8 {[%emt 0:00:51]} 40. Rb1 {[%emt 0:01:42]} Bg2 {[%emt 0:00:49]} 41. Rb6 {[%emt 0:00:57]} Rc8 {[%emt 0:00:03]} 42. Rb2 {[%emt 0:02:11]} Bf3 {[%emt 0:00:08]} 43. a5 {[%emt 0:00:55]} Re8 {[%emt 0:00:33]} 44. Rb6 {[%emt 0:00:48]} Rc8 {[%emt 0:00:05]} 45. Rb1 {[%emt 0:01:52]} Re8 {[%emt 0:00:10]} 46. Rb2 {[%emt 0:00:26]} Rc8 {[%emt 0:00:48]} 47. Rb6 {[%emt 0:01:40]} Bg2 {[%emt 0:00:21]} 48. Kf2 {[%emt 0:01:53]} Bf3 {[%emt 0:00:45]} 49. Ke3 {[%emt 0:02:55]} Bg2 {[%emt 0:00:06]} 50. Bf4 {[%emt 0:01:33]} Bf3 {[%emt 0:00:25]} 51. d5 {[%emt 0:00:30]} cxd5 {[%emt 0:00:17]} 52. Kd4 {[%emt 0:00:19]} f5 {[%emt 0:04:39]} 53. c6 {[%emt 0:00:23]} Be2 {[%emt 0:01:28]} 54. c7 {[%emt 0:00:26]} Bb5 {[%emt 0:00:15]} 55. Rb8 {[%emt 0:00:13]} 1-0